00652 2200241 4500001002100000005001700021008004100038035002500079082001700104090002400121100001800145245008100163250001100244260002900255300003600284650001900320850001200339990001500351990001000366990001200376990001200388990001000400YOGYA-0209000002099120150417101114.0 ind  a0010-020900000020991 a646.40409598 a646.40409598bAkh P aAKHYADI, Yudi aPakaian daerah wanita Indonesia = Indonesian Womens costumesc/ Judi Achjadi aCet. 3 aJakartabDjambatanc1986 axi, 115 hlm. :bilus. ;c25 cm. aPakaian daerah aYOPDYOG a46659-P/93 a289-P a23314-P a23314-P a289-P